Football clubs of Hispanic nations - Statistics

General Stats
  • This quiz has been taken 13 times
  • The average score is 10 of 20
Answer Stats
Football team Country % Correct
Guadalajara Mexico
100%
Newell's Old Boys Argentina
70%
Guantánamo Cuba
70%
CD Domingo Salvio Dominican Republic
70%
Atlético Bucaramanga Colombia
60%
Guayaquil City Ecuador
60%
Carabobo Venezuela
60%
The Strongest Bolivia
50%
Deportes Antofagasta Chile
50%
Colón C-3 Panama
50%
San Juan Sharks Puerto Rico
50%
Real Sociedad Spain
50%
UE Sant Julià Andorra
40%
Santa Tecla El Salvador
40%
Xinabajul Guatemala
40%
Club Atlético 3 de Febrero Paraguay
40%
Ayacucho Peru
40%
Liverpool Uruguay
40%
Akonangui Equatorial Guinea
30%
Green Archers United Philippines
30%
No matching quizzes found
Score Distribution
Percent of People with Each Score
Percentile by Number Answered
Your Score History
You have not taken this quiz